02091cam a22003615i 4500999001700000001000900017003000900026005001700035008004100052020002900093040003800122082002200160245006000182264007900242264001000321300004600331336002600377337002800403338002700431490002400458504005100482520058000533650002201113650003801135650003301173653002501206655001401231700002801245942001201273952014801285952014801433952014801581 c27766d2773719153498EG-ScBUE20191117151706.0160627t2017 flua f b 001 0 eng d a9781498729970 (hardback) aDLCbengerdacDLCdDLCdEG-ScBUE04a660.2995bADV22200aAdvances in refining catalysis /cedited by Deniz Uner. 1aBoca Raton, FL. ;aNew York :bCRC Press / Taylor & Francis Group,c[2017] 4cc2017 axii, 410 pages :billustrations ;c24 cm. atextbtxt2rdacontent aunmediatedbn2rdamedia avolumebnc2rdacarrier0 aChemical industries aIncludes bibliographical references and index. aTo meet changing market demands that have stringent emission standards and to ensure proper performance in refinery units, evaluation of novel catalyst designs and results from material characterization and testing of catalysts are of crucial importance for refiners as well as for catalyst manufacturers. This book highlights recent developments in the application of refinery catalysts in selected units such as fluid catalytic cracking (FCC), hydrogen production for hydroprocessing units, hydrotreating, hydrocracking, and sustainable processing of biomass into biofuels. 7aCatalysis.2BUEsh 7aCatalytic reforming.2BUEsh95162 7aChemical engineering.2BUEsh bENGCHEcNovember2019 vText book1 aÜner, Deniz,eeditor. 2ddccBB 00102ddc40708BaccahaMAINbMAINc1STd2019-11-17ePurchaseg550.00l0o660.2995 ADVp000048251r2022-08-24 00:00:00v687.50w2019-11-17yNB 00102ddc40708BaccahaMAINbMAINc1STd2019-11-17ePurchaseg550.00l0o660.2995 ADVp000048252r2025-07-15 00:00:00v687.50w2019-11-17yBB 00102ddc40708BaccahaMAINbMAINc1STd2019-11-17ePurchaseg550.00l0o660.2995 ADVp000048253r2025-07-15 00:00:00v687.50w2019-11-17yBB